| 000 | 00831nam a2200253 a 4500 | ||
|---|---|---|---|
| 001 | BRL_1039 | ||
| 005 | 20190320211016.0 | ||
| 008 | 051113s1977----mx-b######---#000-0#spa-# | ||
| 041 | _aspa | ||
| 044 | _amx | ||
| 050 | 4 |
_aHD2346.M4 _b.G89 1977 |
|
| 100 | 1 |
_aGuzmán, Alejandro _925653 |
|
| 245 | 1 | 0 |
_aArtesanos de la sierra Norte de Puebla _cAlejandro Guzmán. |
| 260 |
_aMéxico _bSEP : Departamento de Asesoría Técnica, Dirección General de Arte Popular _c1977 |
||
| 300 |
_a127 p. _bil. _c22 cm. |
||
| 440 | 0 |
_aEstudios de Folklore y de Arte Popular _v4 _925654 |
|
| 500 | _aEj.1 Au1193; Ej.2 Au1190 | ||
| 500 | _aLa biblioteca cuenta con 2 ejemplares | ||
| 504 | _aBibliografía: p. 120-127 | ||
| 650 | 1 | 4 |
_aArtesanos _zPuebla (Estado) _925655 |
| 650 | 1 | 4 |
_aArte popular _zMéxico _9882 |
| 902 | _aGRL | ||
| 942 |
_2lcc _cB |
||
| 999 |
_c9851 _d9851 |
||